000 00972cam a22003491 4500
003 OSt
005 20140310184238.0
008 730213s1956 nyua 000 1 eng
010 _a 56008780
020 _a9780439159630
020 _a0439159636
040 _aDLC
_cDLC
_dDLC
050 0 0 _aPZ 3
_b.G44122Ol 1956
100 1 _aGipson, Fred,
_d1908-1973.
_924894
245 1 0 _aOld Yeller /
_cFred Gipson.
260 _aNew York, NY :
_bScholastic Inc.,
_c1956.
300 _a117 p. :
_bill. ;
_c20 cm.
521 _aG8
526 _c910
650 0 _aHuman-animal relationships
_xFiction.
_924895
650 0 _aBoys
_xFiction.
_924896
650 0 _aDogs
_xFiction.
_924897
655 7 _aWestern stories.
_2gsafd
_95109
655 7 _aBildungsromans.
_2gsafd
_92798
906 _a7
_bcbc
_corignew
_du
_eocip
_f19
_gy-gencatlg
942 _2lcc
_cBK-SCHOLAS
999 _c33234
_d33234